La construction de l'identité sexuée (notice n° 1568771)

détails MARC
000 -LEADER
fixed length control field 01134cam a2200133 4500500
005 - DATE AND TIME OF LATEST TRANSACTION
control field 20251214005325.0
041 ## - LANGUAGE CODE
Language code of text/sound track or separate title fre
042 ## - AUTHENTICATION CODE
Authentication code dc
100 10 - MAIN ENTRY--PERSONAL NAME
Personal name Rouyer, Véronique
Relator term author
245 00 - TITLE STATEMENT
Title La construction de l'identité sexuée
260 ## - PUBLICATION, DISTRIBUTION, ETC.
Name of publisher, distributor, etc. Armand Colin,<br/>
Date of publication, distribution, etc. 2007.<br/>
520 ## - SUMMARY, ETC.
Summary, etc. Quels sont les processus et facteurs qui interviennent dans la construction de l'identité sexuée ? Entre le sexe et le genre, le biologique et le social, quelle est la part du sujet ? Une première partie est consacrée aux modèles théoriques classiques (approches biologiques, théorie psychanalytique, théorie de l'apprentissage social et théories cognitives) ainsi qu' aux perspectives intégratives. Puis, dans une seconde partie, sont développés les facteurs affectifs, sociaux et cognitifs, et les processus psychologiques à ll'oeuvre durant l'enfance, l'adolescence et l'âge adulte. Pour finir sont abordés les rapports sociaux de sexe, et la problématique de la différence et de l'égalité.
856 41 - ELECTRONIC LOCATION AND ACCESS
Uniform Resource Identifier <a href="https://shs.cairn.info/la-construction-de-l-identite-sexuee--9782200346669?lang=fr&redirect-ssocas=7080">https://shs.cairn.info/la-construction-de-l-identite-sexuee--9782200346669?lang=fr&redirect-ssocas=7080</a>

Pas d'exemplaire disponible.

PLUDOC

PLUDOC est la plateforme unique et centralisée de gestion des bibliothèques physiques et numériques de Guinée administré par le CEDUST. Elle est la plus grande base de données de ressources documentaires pour les Étudiants, Enseignants chercheurs et Chercheurs de Guinée.

Adresse

627 919 101/664 919 101

25 boulevard du commerce
Kaloum, Conakry, Guinée

Réseaux sociaux

Powered by Netsen Group @ 2025